000 01008cam a22003134 4500
001 unk85042365
003 DLC
005 20260227112803.0
008 851011s1953 xx 000 0 chi
010 _aunk85042365
_z 2009434285
040 _aDLC
_cCarP
_dDLC
043 _aa-cc---
050 0 0 _aKNQ1572
_b.C4675 1953
100 1 _6880-01
_aChen, Shufang.
245 1 0 _6880-02
_aZhong gong de si fa gai ge /
_cChen Shufang zhu.
250 _6880-03
_aChu ban.
260 _6880-04
_aJiulong :
_bYou lian chu ban she,
_c1953.
300 _a75 p. ;
_c19 cm.
440 0 _6880-05
_aZhong gong wen di yan jiu cong shu
500 _aRomanized.
500 _actl: lan-chi
650 0 _aJustice, Administration of
_zChina.
650 0 _aLaw
_zChina
_xHistory.
880 1 _6100-01/$1
_a陳叔方.
880 1 0 _6245-02/$1
_a中共的司法改革 /
_c陳叔方著.
880 _6250-03/$1
_a初版.
880 _6260-04/$1
_a九龍 :
_b友聯出版社,
_c1953.
880 0 _6440-05/$1
_a中共問題硏究叢書
999 _c91673
_d91673